Aj učiť sa treba učiť

Gespeichert in:
Bibliographische Detailangaben
Format: Buch
Sprache:Slowakisch
Veröffentlicht: Bratislava Smena 1986
Ausgabe:1. vyd.
Schriftenreihe:Križovatky
Tags: Tag hinzufügen
Keine Tags, Fügen Sie das erste Tag hinzu!

MARC

LEADER 00000nam a2200000 4500
001 c035696
005 20260105115143.3
041 0 |a slo 
044 |a SK 
245 1 0 |a Aj učiť sa treba učiť  |c František Kassay 
250 |a 1. vyd. 
264 1 |a Bratislava  |b Smena  |c 1986 
300 |a 256 s. 
490 1 |a Križovatky 
830 0 |a Križovatky